A Spectre is Haunting Arabia (Record no. 91375)
[ view plain ]
| 000 -LEADER | |
|---|---|
| fixed length control field | 01600nam a2200253Ii 4500 |
| 008 - FIXED-LENGTH DATA ELEMENTS--GENERAL INFORMATION | |
| fixed length control field | 221202s xx 000 0 und d |
| 100 1# - MAIN ENTRY--PERSONAL NAME | |
| Personal name | Müller, Miriam M, |
| Relator term | author |
| 245 #2 - TITLE STATEMENT | |
| Title | A Spectre is Haunting Arabia |
| 246 ## - VARYING FORM OF TITLE | |
| Title proper/short title | How the Germans Brought Their Communism to Yemen |
| 264 #1 - PRODUCTION, PUBLICATION, DISTRIBUTION, MANUFACTURE, AND COPYRIGHT NOTICE | |
| Place of production, publication, distribution, manufacture | Bielefeld, Germany |
| Name of producer, publisher, distributor, manufacturer | transcript Verlag |
| Date of production, publication, distribution, manufacture, or copyright notice | 2015 |
| 300 ## - PHYSICAL DESCRIPTION | |
| Extent | 1 online resource |
| 336 ## - CONTENT TYPE | |
| Content type term | text |
| Content type code | txt |
| Source | rdacontent |
| 337 ## - MEDIA TYPE | |
| Media type term | computer |
| Media type code | c |
| Source | rdamedia |
| 338 ## - CARRIER TYPE | |
| Carrier type term | online resource |
| Carrier type code | cr |
| Source | rdacarrier |
| 490 ## - SERIES STATEMENT | |
| Series statement | Edition Politik |
| 520 ## - SUMMARY, ETC. | |
| Summary, etc. | Radical ideologies may manifest differently at first, but they do follow a similar logic: truth claims, promises of salvation and a unifying common enemy. In Yemen's transition process today, the secessionist movement Al-Hirak has summoned the spirit of South Yemen, the only Marxist state in Arabia. This book meticulously describes how East Germany supported the implantation of this alien ideology in Yemen through its policy of #on(i)#Socialist state- and nation-building#off(i)#. In the same breath, the analysis captures the GDR's activities in the Middle East and their vital role in Moscow's Cold War strategy. Last but least, the study provides one of the few compact overviews of East German foreign policy in the English language of today. |
| 653 ## - INDEX TERM--UNCONTROLLED | |
| Uncontrolled term | Cold War |
| 653 ## - INDEX TERM--UNCONTROLLED | |
| Uncontrolled term | Gdr |
| 653 ## - INDEX TERM--UNCONTROLLED | |
| Uncontrolled term | Marxism |
| 653 ## - INDEX TERM--UNCONTROLLED | |
| Uncontrolled term | Political Science |
| 653 ## - INDEX TERM--UNCONTROLLED | |
| Uncontrolled term | Yemen |
| 856 ## - ELECTRONIC LOCATION AND ACCESS | |
| Uniform Resource Identifier | <a href="https://docs.google.com/spreadsheets/d/1yKIrdCPDAG_9c22mwoOIO2DOhtj65Wqa/edit?usp=sharing&ouid=106555315294820607512&rtpof=true&sd=true ">https://docs.google.com/spreadsheets/d/1yKIrdCPDAG_9c22mwoOIO2DOhtj65Wqa/edit?usp=sharing&ouid=106555315294820607512&rtpof=true&sd=true </a> |
| Link text | List of Curated E-Books |
| 942 ## - ADDED ENTRY ELEMENTS (KOHA) | |
| Koha item type | E-Book |
No items available.